000 00295nam a22001337a 4500
008 170927b xxu||||| |||| 00| 0 eng d
020 _a9780534607951
041 _aeng
080 _a37
100 _a47
101 _aEDU
245 _aPROCESS AND PRACTICE GROUPS
_cCOREY,M.S
942 _2udc
_cBK
999 _c30206
_d30206